书目信息 |
| 题名: |
生物物理学
|
|
| 作者: | 丘冠英 , 彭银祥 主编 | |
| 分册: | ||
| 出版信息: | 武汉 武汉大学出版社 2000 |
|
| 页数: | 335页 | |
| 开本: | 26cm | |
| 丛书名: | ||
| 单 册: | ||
| 中图分类: | Q6 | |
| 科图分类: | ||
| 主题词: | 生物物理学 | |
| 电子资源: | ||
| ISBN: | 7-307-02916-2 | |
| 000 | 00818nam0 2200241 450 | |
| 001 | 110000002653 | |
| 005 | 20051009084114.96 | |
| 010 | @a7-307-02916-2@dCNY23.00 | |
| 100 | @a20050122e20042000ekmy0chiy0120 ea | |
| 101 | 0 | @achi |
| 102 | @aCN@b420000 | |
| 105 | @aak az 000yy | |
| 200 | 1 | @a生物物理学@9sheng wu wu li xue@f丘冠英,彭银祥主编@Fqiu guan ying,peng yin xiang zhu bian |
| 210 | @a武汉@c武汉大学出版社@d2000@h2004重印 | |
| 215 | @a335页@c图@d26cm | |
| 320 | @a有书目 | |
| 330 | @a本书包括:分子生物物理、生物膜及其物理性质、光生物物理、辐射生物物理、自由基生物学、生物电学与生物磁学、生物分子电子学、生物传感器等。 | |
| 606 | 0 | @a生物物理学 |
| 690 | @aQ6@v4 | |
| 701 | 0 | @a丘冠英@Aqiu guan ying@4主编 |
| 701 | 0 | @a彭银祥@Apeng yin xiang@4主编 |
| 801 | 0 | @aCN@bTSSF@c20051009 |
| 905 | @a10447@dQ6@e21 | |
| 生物物理学/丘冠英,彭银祥主编.-武汉:武汉大学出版社,2000(2004重印) |
| 335页:图;26cm |
| ISBN 7-307-02916-2:CNY23.00 |
| 本书包括:分子生物物理、生物膜及其物理性质、光生物物理、辐射生物物理、自由基生物学、生物电学与生物磁学、生物分子电子学、生物传感器等。 |
| ● |
| 相关链接 |
|
|
|
|
正题名:生物物理学
索取号:Q6/21
 
预约/预借
| 序号 | 登录号 | 条形码 | 馆藏地/架位号 | 状态 | 备注 |
| 1 | 0364807 | 3648075 | 第二样本阅览室/ [索取号:Q6/21] | 在馆 | |
| 2 | 0364808 | 3648084 | 第三借阅区/ [索取号:Q6/21] | 在馆 | |
| 3 | 0364809 | 3648093 | 第三借阅区/ [索取号:Q6/21] | 在馆 | |
| 4 | 0364810 | 3648100 | 第三借阅区/ [索取号:Q6/21] | 在馆 | |
| 5 | 0364811 | 3648119 | 第三借阅区/ [索取号:Q6/21] | 在馆 |